Stratégia rozvoja Bratislavského regiónu v stredoeurópskom kontexte

Salvato in:
Dettagli Bibliografici
Autore principale: Tvrdoň, Jozef
Natura: Capitolo di libro
Lingua:slovacco
Tags: Aggiungi Tag
Nessun Tag, puoi essere il primo ad aggiungerne!!

MARC

LEADER 00000naa$a2200000$$$4500
001 0128505
005 20240502083323.3
041 0 |a slo 
044 |a CZ 
245 1 0 |a Stratégia rozvoja Bratislavského regiónu v stredoeurópskom kontexte  |c Jozef Tvrdoň 
100 1 |a Tvrdoň, Jozef